| 000 | 01170cac a2200325 a 4500 | ||
|---|---|---|---|
| 003 | CO-PeBPM | ||
| 005 | 20260317113808.0 | ||
| 007 | ta | ||
| 008 | 260317s2003 Ck ||||| |||| 00| 0 spa d | ||
| 020 | _a9586824705 | ||
| 040 |
_aCO-PeBPM _bspa _cCO-PeBPM _erda |
||
| 041 | 0 | _aspa | |
| 082 | 0 | 4 |
_a303.6 P467p _222 |
| 100 | 1 |
_aKalulambi Pongo, Martin _eautor |
|
| 245 | 1 | 0 |
_aPerspectivas Compradas de mercado de violencia _c/ Martin Kalulambi Pongo |
| 250 | _aPrimera Edición | ||
| 264 |
_aColombia _bAlfaomega grupo editor _c, 2003 |
||
| 300 |
_a147 Páginas _c; 23 centímetros |
||
| 500 | _aIncluye índice, referencias bibliográficas | ||
| 650 | 1 | 7 |
_a Conflicto armado -- Aspectos económicos -- Líbano _2LEMB |
| 650 | 1 | 7 |
_aConflicto armado -- Costos -- Colombia _2LEMB |
| 650 | 1 | 7 |
_aConflicto armado -- Costos -- Líbano _2LEMB |
| 650 | 1 | 7 |
_aConflicto armado -- Aspectos económicos -- Colombia _2LEMB |
| 650 | 1 | 7 |
_aCostos de guerra _2LEMB |
| 650 | 1 | 7 |
_aGuerra -- Aspectos económicos _2LEMB |
| 650 | 1 | 7 |
_aViolencia -- Aspectos económicos _2LEMB |
| 650 | 1 | 7 |
_aViolencia -- Costos _2LEMB |
| 700 |
_aM. Victoria Mejía _eTraductora |
||
| 942 |
_2ddc _n0 _cBK |
||
| 999 |
_c107229 _d107229 |
||